Statystyki dla Zaimki pytające

Kliknij tutaj aby rozwiązać quiz!

Ogólne statystyki

  • Ten quiz został rozwiązany 56 razy
  • Średni wynik to 6 z 8

Statystyki odpowiedzi

HintOdpowiedź% Poprawnych
coqué
98%
dlaczegopor qué
83%
gdziedónde
80%
jakcómo
78%
ktoquién
73%
kiedycuándo
68%
ilecuánto
66%
jaki, jakacuál
61%

Rozkład punktacji

Percentyl według liczby udzielonych odpowiedzi

Procent ludzi z każdym wynikiem

Twoja historia wyników

Nie rozwiązałeś tego quizu